| 000 | 00575nam a2200169 a 4500 | ||
|---|---|---|---|
| 001 | 000029186 | ||
| 005 | 20200930055401.0 | ||
| 008 | 110412s1998 dr 000 0 spa d | ||
| 040 |
_aDO-SdBNP _bspa _cBNPHU |
||
| 082 |
_axxxx _bN127a |
||
| 100 | 1 |
_aNadal Salas, Pablo _95154 |
|
| 245 | 1 | 3 |
_aEl administrador de empresas para el siglo XXI. / _cPablo Nadal Salas. |
| 260 |
_aSanto Domingo : _bTiempo, _c1998. |
||
| 300 |
_a14 p. ; _c22 cm. |
||
| 500 | _aConferencia en la Universidad Nacional Pedro Henríquez Ureña (UNPHU) dictada el día 23 de abril de 1997 | ||
| 049 | _aBNPD | ||
| 999 |
_c28678 _d28678 |
||